English file
A new edition of the best-selling English File, improved throughout with brand new digital components to use inside and outside the classroom. English File Third edition - the best way to get your students talking.
Gespeichert in:
| 1. Verfasser: | |
|---|---|
| Format: | Buch |
| Sprache: | Undetermined |
| Veröffentlicht: |
Oxford
Oxford University Press
2014
|
| Schlagworte: | |
| Tags: |
Tag hinzufügen
Keine Tags, Fügen Sie den ersten Tag hinzu!
|
| Thư viện lưu trữ: | Trung tâm Học liệu Trường Đại học Cần Thơ |
|---|
| LEADER | 00842nam a2200205Ia 4500 | ||
|---|---|---|---|
| 001 | CTU_224509 | ||
| 008 | 210402s9999 xx 000 0 und d | ||
| 020 | |c 383000 | ||
| 082 | |a 428.24 | ||
| 082 | |b L352 | ||
| 100 | |a Latham-Koenig, Christina. | ||
| 245 | 0 | |a English file | |
| 245 | 0 | |c Christina Latham-Koenig, Clive Oxenden | |
| 260 | |a Oxford | ||
| 260 | |b Oxford University Press | ||
| 260 | |c 2014 | ||
| 520 | |a A new edition of the best-selling English File, improved throughout with brand new digital components to use inside and outside the classroom. English File Third edition - the best way to get your students talking. | ||
| 650 | |a Anh ngữ,English language | ||
| 650 | |x Dạy và học,Nói tiếng nước ngoài,Study and teaching,Foreign speakers | ||
| 980 | |a Trung tâm Học liệu Trường Đại học Cần Thơ | ||